000 00549 a2200193 4500
999 _c32020
_d32020
003 OSt
005 20260312161731.0
008 260312b ||||| |||| 00| 0 eng d
020 _a9789350239209
040 _c.
082 _a005.133
_bA2371
100 _96697
_aAdler, Joseph
245 _aR in a Nutshell: A Desktop Quick Reference /
_cJoseph Adler
250 _a2nd ed.
260 _bMumbai :
_aShroff Publishers & Distributors pvt. ltd.,
_c2012.
300 _a699 p.
650 0 _95563
_aR (Computer programming language)
942 _2ddc
_cBK